000 00374nam a2200157Ia 4500
008 230711s9999||||xx |||||||||||||| ||und||
041 _aENG
082 _a20
_bKH-L
100 _aKhanna,J.K
245 0 _aLibrary and society
250 _a1st
260 _c1987
_aNew Delhi
_bEss Ess Publication
300 _a500
650 _aLibrary and Information Science
942 _cBK
999 _c3446
_d3446